00373nam a2200145Ia 4500008004100000020001500041041001200056082001100068100002000079245007100099250000800170260002500178300000800203650001600211221030s9999 xx 000 0 und d a0070611947 aEnglish a105.23 aD. M. Dhamdhere 0aOperating Systems - A Concept - Based Approachcby D. M. Dhamdhere a2nd bTMHaNew Delhic2009 a789 aBE Computer